| 000 | 00848pam a2200265 a 4500 | ||
|---|---|---|---|
| 005 | 20260322212007.0 | ||
| 008 | data | ||
| 010 | _a 89027599 | ||
| 020 |
_a0816148511 (lg. print) : _c{dollar}18.95 |
||
| 020 |
_a9780816148516 (lg. print) : _c{dollar}18.95 |
||
| 040 |
_aDLC _cDLC _dDLC |
||
| 043 | _an-us--- | ||
| 050 | 1 | 0 |
_aGV1132.L6 _bB37 1990 |
| 082 | 0 | 0 |
_aB _aB _220 |
| 100 | 1 | _aBarrow, Joe Louis. | |
| 245 | 1 | 0 |
_aJoe Louis : _b50 years an American hero / _cJoe Louis Barrow & Barbara Munder. |
| 260 |
_aBoston, Mass. : _bG.K. Hall, _c1990, c1988. |
||
| 300 |
_a336 p. (large print), [2] p. of plates : _bill. ; _c25 cm. |
||
| 440 | 0 | _aG.K. Hall large print book series | |
| 600 | 1 | 0 |
_aLouis, Joe, _d1914-1981. |
| 650 | 0 |
_aBoxers (Sports) _zUnited States _xBiography. |
|
| 650 | 0 | _aLarge type books. | |
| 700 | 1 | _aMunder, Barbara. | |
| 001 | data | ||
| 999 |
_c126 _d126 |
||